00927nam a22002057a 4500003000900000008004100009040007100050082002400121100002700145245007500172260002900247300002800276440005900304505021200363650002700575650002700602650002900629700003300658700003000691AR-CdUCM190306b ||||| |||| 00| 0 spa d aMUNICIPALIDAD PROVINCIAL DEL CUSCOcBIBLIOTECA MUNICIPAL DEL CUSCO 22ed.a338.91 /bB28 aBauer, Péter Tamás aAnálisis y política económica de los países subdesarrollados / aMadrid :bTecnos,c1965. a165 páginas ;c24 cm. aSemilla y Surco, Colección de Ciencias Sociales.n10 aContenido: El estudio económico de los países subdesarrollados -- Algunos rasgos sobresalientes del paisaje económico -- Algunos problemas de la política económica de los países subdesarrollados. aDesarrollo económico aPaíses en desarrollo aCondiciones económicas aMuns, Joaquin (traducción) aSpengler, J. J. (prologo)